František Ladislav Rieger - zakladatel české ekonomické literatury

Genéza českej ekonomickej terminológie. F. L. Rieger a problém životnej orientácie. Chápanie a význam ekonomickej vedy. Chápanie duševnej práce a nehmotných statkov v ekonomickom myslení Riegera. Priemysel a jeho vplyv na postavenie pracujúceho ľudu. Rozdeľovanie a úlohy politickej ekonómie. Pokračo...

Ausführliche Beschreibung

Gespeichert in:
Bibliographische Detailangaben
1. Verfasser: Krameš, Jaroslav
Format: Buchkapitel
Sprache:Tschechisch
Schlagworte:
Tags: Tag hinzufügen
Keine Tags, Fügen Sie das erste Tag hinzu!

MARC

LEADER 00000naa a2200000 4500
001 r036762
005 20231002105627.1
041 0 |a cze 
044 |a CZ 
245 1 0 |a František Ladislav Rieger - zakladatel české ekonomické literatury  |c Jaroslav Krameš 
520 |a Genéza českej ekonomickej terminológie. F. L. Rieger a problém životnej orientácie. Chápanie a význam ekonomickej vedy. Chápanie duševnej práce a nehmotných statkov v ekonomickom myslení Riegera. Priemysel a jeho vplyv na postavenie pracujúceho ľudu. Rozdeľovanie a úlohy politickej ekonómie. Pokračovatelia a kritici F. L. Riegera. 
610 2 0 |a teórie ekonomické 
610 2 0 |a myslenie ekonomické 
610 2 0 |a terminológia 
610 2 0 |a veda ekonomická 
610 2 0 |a životopisy 
610 2 0 |a Rieger, F.L. 
610 2 0 |a Česko 
100 1 |a Krameš, Jaroslav